[Event "Tula Sinitsin Memorial"]
[Site "Tula"]
[Date "2010.04.??"]
[Round "4"]
[White "Chubakov, Oleg"]
[Black "Andrianov, Vyacheslav"]
[Result "1/2-1/2"]
[WhiteElo "2216"]
[BlackElo "2089"]
[PlyCount "25"]
[EventDate "2010.04.??"]
[EventType "tourn"]
[EventRounds "17"]
[EventCountry "RUS"]
[SourceTitle "EXT 2012"]
[Source "ChessBase"]
[SourceDate "2011.11.24"]
[SourceVersion "1"]
[SourceVersionDate "2011.11.24"]
[SourceQuality "1"]

1. d4 d5 2. c4 e6 3. Nc3 Nf6 4. Nf3 c6 5. Bg5 Nbd7 6. e3 Bb4 7. Qc2 Qa5 8. Bxf6 Nxf6 9. Bd3 0-0 10. 0-0 Re8 11. a3 Bxc3 12. Qxc3 Qxc3 13. bxc3 1/2-1/2

[Event "Tula Region-ch op"]
[Site "Tula"]
[Date "2008.08.09"]
[Round "9"]
[White "Chubakov, Oleg"]
[Black "Ganin, Alexander"]
[Result "1-0"]
[WhiteElo "2220"]
[BlackElo "1945"]
[PlyCount "37"]
[EventDate "2008.08.01"]
[EventType "swiss"]
[EventRounds "9"]
[EventCountry "RUS"]
[SourceTitle "EXT 2022"]
[Source "ChessBase"]
[SourceDate "2021.10.06"]
[SourceVersion "1"]
[SourceVersionDate "2021.10.06"]
[SourceQuality "1"]

1. c4 c6 2. Nf3 Nf6 3. b3 d5 4. Bb2 Qb6 5. Qc2 Ne4 6. e3 Bf5 7. d3 Nc5 8. Nh4 Bg4 9. Nd2 Nbd7 10. d4 Ne4 11. Nxe4 dxe4 12. h3 Bh5 13. g4 Qa5+ 14. Bc3 Qg5 15. Nf5 Nf6 16. Be2 Nd7 17. Ng3 Bg6 18. h4 Qf6 19. h5 1-0

[Event "Tula Efremenkov Memorial"]
[Site "Tula"]
[Date "2008.01.10"]
[Round "9"]
[White "Chubakov, Oleg"]
[Black "Drizgalovich, Mikhail"]
[Result "1-0"]
[WhiteElo "2184"]
[BlackElo "2212"]
[PlyCount "29"]
[EventDate "2008.01.02"]
[EventType "tourn"]
[EventRounds "9"]
[EventCountry "RUS"]
[SourceTitle "CBM 122 Extra"]
[Source "ChessBase"]
[SourceDate "2008.03.04"]
[SourceVersion "1"]
[SourceVersionDate "2008.03.04"]
[SourceQuality "1"]

1. e4 c5 2. d4 cxd4 3. c3 dxc3 4. Nxc3 d6 5. Bc4 Nf6 6. e5 Qc7 7. Bb5+ Nfd7 8. Nd5 Qd8 9. Qc2 Na6 10. Bxa6 bxa6 11. Nc7+ Qxc7 12. Qxc7 Nxe5 13. Qc6+ Bd7 14. Qxa8+ Bc8 15. Qxc8# 1-0

[Event "Tula Efremenkov Memorial"]
[Site "Tula"]
[Date "2008.01.05"]
[Round "4"]
[White "Chubakov, Oleg"]
[Black "Maslova, Elena"]
[Result "1/2-1/2"]
[WhiteElo "2184"]
[BlackElo "2027"]
[PlyCount "41"]
[EventDate "2008.01.02"]
[EventType "tourn"]
[EventRounds "9"]
[EventCountry "RUS"]
[SourceTitle "CBM 122 Extra"]
[Source "ChessBase"]
[SourceDate "2008.03.04"]
[SourceVersion "1"]
[SourceVersionDate "2008.03.04"]
[SourceQuality "1"]

1. c4 e5 2. b3 d6 3. Bb2 g6 4. d4 Bg7 5. dxe5 Nc6 6. Nf3 Nge7 7. Nc3 Nxe5 8. Nxe5 Bxe5 9. Qd2 Be6 10. g3 c6 11. Bg2 Qd7 12. 0-0-0 0-0-0 13. f4 Bg7 14. Ne4 Bxb2+ 15. Kxb2 d5 16. Nf6 Qc7 17. cxd5 Nxd5 18. Nxd5 Bxd5 19. Bxd5 Rxd5 20. Qc2 Rhd8 21. e4 1/2-1/2

[Event "Tula Efremenkov Memorial"]
[Site "Tula"]
[Date "2008.01.02"]
[Round "1"]
[White "Zhukov, Vladimir"]
[Black "Chubakov, Oleg"]
[Result "1/2-1/2"]
[WhiteElo "1941"]
[BlackElo "2184"]
[PlyCount "42"]
[EventDate "2008.01.02"]
[EventType "tourn"]
[EventRounds "9"]
[EventCountry "RUS"]
[SourceTitle "CBM 122 Extra"]
[Source "ChessBase"]
[SourceDate "2008.03.04"]
[SourceVersion "1"]
[SourceVersionDate "2008.03.04"]
[SourceQuality "1"]

1. b4 e5 2. Bb2 Bxb4 3. f4 exf4 4. Bxg7 Qh4+ 5. g3 fxg3 6. Bg2 gxh2+ 7. Kf1 hxg1Q+ 8. Kxg1 Bc5+ 9. e3 Qg5 10. Bxh8 Nf6 11. Qf3 Be7 12. Nc3 d6 13. Rf1 Nbd7 14. Ne4 Nxe4 15. Qxe4 Nc5 16. Qxh7 Be6 17. Rh5 Qg3 18. Bf6 Bxf6 19. Rxf6 0-0-0 20. Rxf7 Bxf7 21. Qxf7 Rg8 1/2-1/2

[Event "Tula CC-ch"]
[Site "Tula"]
[Date "2007.12.21"]
[Round "5"]
[White "Chubakov, Oleg"]
[Black "Rodionov, Alexander1"]
[Result "1-0"]
[WhiteElo "2170"]
[BlackElo "2053"]
[PlyCount "89"]
[EventDate "2007.12.08"]
[EventType "swiss"]
[EventRounds "9"]
[EventCountry "RUS"]
[SourceTitle "CBM 122 Extra"]
[Source "ChessBase"]
[SourceDate "2008.03.04"]
[SourceVersion "1"]
[SourceVersionDate "2008.03.04"]
[SourceQuality "1"]

1. b3 e6 2. Bb2 f5 3. c4 Nf6 4. g3 d5 5. Bg2 c6 6. Nh3 Bd6 7. 0-0 0-0 8. d4 Qe7 9. Nd2 Bd7 10. Nf3 Be8 11. Nf4 Nbd7 12. Rc1 Bf7 13. Nd3 Ng4 14. h3 Ngf6 15. Kh2 Ne4 16. Rc2 Bh5 17. Nfe5 Nxe5 18. dxe5 Bc7 19. f3 Ng5 20. h4 Nf7 21. Nf4 Nxe5 22. Nxh5 Nxc4 23. bxc4 Qxh4+ 24. Kg1 Qxh5 25. Qd4 Qg6 26. f4 dxc4 27. Qxc4 Rad8 28. Kf2 Rd7 29. Bf3 Rfd8 30. Rh1 Bb6+ 31. Kg2 Qf7 32. Qb3 Bd4 33. Rd1 Bb6 34. Rcc1 Bc7 35. Rxd7 Qxd7 36. Qxb7 Rb8 37. Qxc6 Qxc6 38. Rxc6 Rxb2 39. Rxc7 Rxa2 40. Re7 Ra6 41. Bb7 Kf8 42. Rxg7 Ra2 43. Rxh7 Rxe2+ 44. Kf3 Re4 45. Bxe4 1-0

[Event "Tula CC-ch"]
[Site "Tula"]
[Date "2007.12.19"]
[Round "4"]
[White "Hlebnikov, Artem"]
[Black "Chubakov, Oleg"]
[Result "1/2-1/2"]
[WhiteElo "2069"]
[BlackElo "2170"]
[PlyCount "54"]
[EventDate "2007.12.08"]
[EventType "swiss"]
[EventRounds "9"]
[EventCountry "RUS"]
[SourceTitle "CBM 122 Extra"]
[Source "ChessBase"]
[SourceDate "2008.03.04"]
[SourceVersion "1"]
[SourceVersionDate "2008.03.04"]
[SourceQuality "1"]

1. d4 Nf6 2. c4 c5 3. d5 e6 4. Nc3 exd5 5. cxd5 d6 6. e4 a6 7. a4 g6 8. Bd3 Bg7 9. Nf3 Bg4 10. Bg5 Nbd7 11. Bf4 Qc7 12. 0-0 0-0 13. h3 Bxf3 14. Qxf3 Rfe8 15. Rfe1 Ne5 16. Bxe5 Rxe5 17. Qe3 Rae8 18. Qd2 c4 19. Bc2 b6 20. f3 Nd7 21. Ne2 Qc5+ 22. Kh1 R5e7 23. Rab1 b5 24. b4 cxb3 25. Bxb3 Nb6 26. Rec1 Nc4 27. Qd3 Rc7 1/2-1/2

[Event "Tula Region-ch Seniors"]
[Site "Tula"]
[Date "2007.09.17"]
[Round "3"]
[White "Chubakov, Oleg"]
[Black "Andrianov, Vyacheslav"]
[Result "1/2-1/2"]
[WhiteElo "2168"]
[BlackElo "2160"]
[PlyCount "43"]
[EventDate "2007.09.15"]
[EventType "swiss"]
[EventRounds "9"]
[EventCountry "RUS"]
[SourceTitle "EXT 2009"]
[Source "ChessBase"]
[SourceDate "2008.11.26"]
[SourceVersion "1"]
[SourceVersionDate "2008.11.26"]
[SourceQuality "1"]

1. e4 e6 2. d4 d5 3. exd5 exd5 4. Qe2+ Qe7 5. Bg5 Qxe2+ 6. Bxe2 Bd6 7. Nf3 Bf5 8. c3 Nd7 9. Nbd2 h6 10. Bh4 Ngf6 11. Bg3 Bxg3 12. hxg3 0-0 13. 0-0 Rfe8 14. Rfe1 Re7 15. Bf1 Rae8 16. Rxe7 Rxe7 17. Re1 Kf8 18. Rxe7 Kxe7 19. Ne1 Ne4 20. Nxe4 Bxe4 21. Bd3 Bxd3 22. Nxd3 1/2-1/2

[Event "Tula schev"]
[Site "Tula"]
[Date "2007.07.27"]
[Round "10"]
[White "Kosolapov, Petr"]
[Black "Chubakov, Oleg"]
[Result "0-1"]
[WhiteElo "1994"]
[BlackElo "2168"]
[PlyCount "116"]
[EventDate "2007.07.16"]
[EventType "schev"]
[EventRounds "10"]
[EventCountry "RUS"]
[SourceTitle "EXT 2009"]
[Source "ChessBase"]
[SourceDate "2008.11.26"]
[SourceVersion "1"]
[SourceVersionDate "2008.11.26"]
[SourceQuality "1"]

1. e4 g6 2. Nf3 c6 3. d4 d5 4. exd5 cxd5 5. h3 Bg7 6. Bd3 Nc6 7. c3 Nh6 8. 0-0 0-0 9. Be3 f6 10. Nh2 Nf5 11. Qb3 Kh8 12. Bxf5 gxf5 13. f4 e6 14. Nd2 b6 15. Rfe1 Ba6 16. Qa4 Qc8 17. Nhf1 Bd3 18. Ng3 Rf7 19. Qd1 Qg8 20. Qf3 Be4 21. Ndxe4 fxe4 22. Qf2 f5 23. Nh5 Bf8 24. Qg3 Qg6 25. Qxg6 hxg6 26. Ng3 Be7 27. Ne2 Na5 28. b3 Rc8 29. Bd2 Bf6 30. g3 Rfc7 31. Rac1 Nb7 32. Kg2 Nd6 33. g4 Kg8 34. g5 Bg7 35. h4 b5 36. Kf2 Bf8 37. Rh1 a5 38. h5 gxh5 39. Rxh5 Rh7 40. Ng3 a4 41. Rxh7 Kxh7 42. Rh1+ Kg6 43. Ke2 axb3 44. axb3 Ra8 45. Rh2 Nf7 46. Nh5 Ra2 47. Kd1 b4 48. Rh3 bxc3 49. Bxc3 Bd6 50. b4 Rf2 51. Bd2 Bc7 52. b5 Rf1+ 53. Kc2 Bb6 54. Be3 Ra1 55. Kb3 Rd1 56. Kc2 Rd3 57. Nf6 Bxd4 58. Bxd4 Rxh3 0-1

[Event "Tula Sinitsin Memorial"]
[Site "Tula "]
[Date "2007.04.17"]
[Round "6"]
[White "Chubakov, Oleg"]
[Black "Grebenshikova, Tatyana"]
[Result "1/2-1/2"]
[WhiteElo "2128"]
[BlackElo "2024"]
[PlyCount "23"]
[EventDate "2007.04.06"]
[EventType "tourn"]
[EventRounds "13"]
[EventCountry "RUS"]
[SourceTitle "EXT 2008"]
[Source "ChessBase"]
[SourceDate "2007.11.25"]
[SourceVersion "1"]
[SourceVersionDate "2007.11.25"]
[SourceQuality "1"]

1. Nf3 d5 2. d4 Nf6 3. g3 Bf5 4. Bg2 e6 5. 0-0 c5 6. c3 Nc6 7. Bf4 Be7 8. e3 Nh5 9. Ne5 Nxf4 10. gxf4 cxd4 11. cxd4 Qb6 12. Qd2 1/2-1/2

[Event "Tula Suetin Memorial op"]
[Site "Tula"]
[Date "2006.11.27"]
[Round "7"]
[White "Drizgalovich, Mikhail"]
[Black "Chubakov, Oleg"]
[Result "1/2-1/2"]
[WhiteElo "2248"]
[BlackElo "2159"]
[PlyCount "21"]
[EventDate "2006.11.21"]
[EventType "swiss"]
[EventRounds "9"]
[EventCountry "RUS"]
[SourceTitle "EXT 2010"]
[Source "ChessBase"]
[SourceDate "2010.11.25"]
[SourceVersion "1"]
[SourceVersionDate "2010.11.25"]
[SourceQuality "1"]

1. e4 e6 2. d4 d5 3. exd5 exd5 4. Nf3 Nf6 5. Bd3 Bd6 6. 0-0 0-0 7. h3 Nc6 8. c3 h6 9. Re1 Be6 10. Nbd2 a6 11. b4 1/2-1/2

[Event "Tula CC-ch"]
[Site "Tula"]
[Date "2006.09.23"]
[Round "4"]
[White "Kainov, Aleksey"]
[Black "Chubakov, Oleg"]
[Result "0-1"]
[WhiteElo "2268"]
[BlackElo "2159"]
[PlyCount "70"]
[EventDate "2006.09.19"]
[EventType "swiss"]
[EventRounds "9"]
[EventCountry "RUS"]
[SourceTitle "EXT 2010"]
[Source "ChessBase"]
[SourceDate "2010.11.25"]
[SourceVersion "1"]
[SourceVersionDate "2010.11.25"]
[SourceQuality "1"]

1. c4 c5 2. Nc3 Nf6 3. Nf3 e6 4. g3 b6 5. Bg2 Bb7 6. 0-0 d6 7. Re1 Be7 8. e4 a6 9. d4 cxd4 10. Nxd4 Qc7 11. Be3 Nbd7 12. Rc1 0-0 13. h3 Rac8 14. b3 Qb8 15. Qd2 Rfd8 16. Red1 Bf8 17. Re1 Qa8 18. f3 d5 19. cxd5 exd5 20. exd5 Nxd5 21. Nxd5 Rxc1 22. Rxc1 Bxd5 23. Qc3 Re8 24. Re1 Ne5 25. Bf4 Rc8 26. Qe3 Ng6 27. Kh2 Bc5 28. Rd1 h6 29. Rd3 Re8 30. Qf2 Nxf4 31. gxf4 Qd8 32. Qg3 Qf6 33. Nc2 Bd6 34. Rxd5 Bxf4 35. Nd4 Bxg3+ 0-1